000 00473nam a22001937a 4500
005 20251108165421.0
008 250721s9999 xx 000 0 ara d
082 1 4 _aم/937.06/جور
100 1 _aمصروعه، جورج
245 1 0 _aهنيبعل /
264 _c[19-].
300 _a
650 1 7 _aروما
650 1 7 _aالتاريخ
650 1 7 _aالإمبراطورية
650 1 7 _aالتاريخ القديم
942 _2ddc
_cREF
999 _c27422
_d27422